| 000 | 00655nam a2200181 a 4500 | ||
|---|---|---|---|
| 001 | 000039927 | ||
| 005 | 20201002033819.0 | ||
| 008 | 130730s1962 dr 000 0 spa d | ||
| 040 |
_aDO-SdBNP _bspa _cBNPHU |
||
| 245 | 0 | 0 |
_aTeoría del estado y del derecho / _cN. G. Alexandrov y otros ; versión española de A. Fierro. |
| 260 |
_aMéxico : _bEditorial Grijalbo, _c1962. |
||
| 300 |
_a419 p. ; _c22 cm. |
||
| 490 | _aCiencias Económicas y Sociales | ||
| 500 | _aIncluye referencias bibliográficas y notas al pie de las páginas | ||
| 700 | 1 |
_aFierro, A. _966133 |
|
| 700 | 1 |
_aAlexandro, N: G: _966134 |
|
| 830 | 0 |
_aCiencias Económicas y Sociales _960179 |
|
| 999 |
_c39417 _d39417 |
||